| 000 | 00654nam a2200157 a 4500 | ||
|---|---|---|---|
| 020 | _a9211312892 | ||
| 050 | 0 | 0 |
_aHD9715.D44 _bP65 1996 |
| 245 | 0 | 0 |
_aPolicies and measures for small-contractor development in the construction industry. _c United Nations Centre for Human Settlements |
| 260 |
_aNairobi : _bUnited Nations Centre for Human Settlements (Habitat), _c1996. |
||
| 300 | _axvii, 118 p. : | ||
| 500 | _a"HS/375/95E"--T.p. verso. | ||
| 650 | 0 |
_xConstruction industry _bGovernment policy--Developing countries. |
|
| 650 | 0 |
_xSmall business _bGovernment policy--Developing countries. |
|
| 650 | 0 | _bHousing policy--Developing countries. | |
| 942 | _cGEN | ||
| 999 |
_c3773 _d3773 |
||